Regulated or Unregulated Trade of Tourist Guides?

Skúmanie, či majú vyškolení certifikovaní turistickí sprievodcovia štatisticky významný vplyv na počet návštevníkov a zohrávajú úlohu pri generovaní príjmov z cestovného ruchu. Použitie grafickej analýzy a štatistiky.

Guardado en:
Detalles Bibliográficos
Autor principal: Fodranová, Iveta, 1959-
Formato: Capítulo de libro
Lenguaje:inglés
Materias:
Etiquetas: Agregar Etiqueta
Sin Etiquetas, Sea el primero en etiquetar este registro!

MARC

LEADER 00000naa a2200000 4500
001 0257333
005 20241104103936.3
041 0 |a eng 
044 |a ZA 
245 1 0 |a Regulated or Unregulated Trade of Tourist Guides?  |c Iveta Fodranová 
520 |a Skúmanie, či majú vyškolení certifikovaní turistickí sprievodcovia štatisticky významný vplyv na počet návštevníkov a zohrávajú úlohu pri generovaní príjmov z cestovného ruchu. Použitie grafickej analýzy a štatistiky. 
610 2 0 |a ruch cestovný 
610 2 0 |a sprievodcovia 
610 2 0 |a regulátory hospodárske 
610 2 0 |a licencie 
610 2 0 |a služby 
100 1 |a Fodranová, Iveta, 1959-